Desastres naturales y zonas de riesgo en Centroamérica: condicionantes y opciones para su prevención y mitigación en Honduras /

Guardat en:
Dades bibliogràfiques
Autor principal: Castañeda, Catherine de
Autor corporatiu: UNAH. Dirección de Investigación Científica
Altres autors: Moncada, Carmen
Format: Text
Publicat: Tegucigalpa: UNAH
Etiquetes: Afegir etiqueta
Sense etiquetes, Sigues el primer a etiquetar aquest registre!

MARC

LEADER 00000 a a2200000 04500
001 22747
003
040
090 |a 156300  
100 |a Castañeda, Catherine de  
110 |a UNAH. Dirección de Investigación Científica  
245 |a Desastres naturales y zonas de riesgo en Centroamérica: condicionantes y opciones para su prevención y mitigación en Honduras /  |c Catherine de Castañeda 
260 |a Tegucigalpa:   |b UNAH  
300 |a 65 p; vol. IV  
700 |a Moncada, Carmen  
999 |c 10668  |d 10668